| 000 | 00550nam a2200169 a 4500 | ||
|---|---|---|---|
| 001 | 000006729 | ||
| 005 | 20200929154001.0 | ||
| 008 | 090902s1988 dr 001 0 spa d | ||
| 040 | _aDO-SdBNP | ||
| 100 |
_aRosario Adames, Fausto _914484 |
||
| 245 | 1 | 4 |
_aLas bocinas : _buna forma viable de comunicación popular / _cFausto Rosario Adames. |
| 260 |
_aSanto Domingo : _bCepae, _c1988. |
||
| 300 |
_a119 p. : _bil. ; _c21 cm. |
||
| 500 | _aIncluye notas al pie de las páginas | ||
| 504 | _aIncluye referencias bibliográficas (113-116) | ||
| 049 | _aBNPD | ||
| 999 |
_c6518 _d6518 |
||